| 000 | 00704nam a2200241Ia 4500 | ||
|---|---|---|---|
| 005 | 20260429112009.0 | ||
| 008 | 260429s9999||||xx |||||||||||||| ||und|| | ||
| 020 | _a9781032460260 | ||
| 041 | _aEnglish | ||
| 082 |
_a378.17 _bREI |
||
| 100 | _aReimann, Nicola | ||
| 245 | 0 |
_aAcademic standards in higher education : _bcritical perspectives and practical strategies / _cNicola Reimann |
|
| 250 | _a1st ed. | ||
| 260 |
_aNew Delhi : _bRoutledge, _c2025. |
||
| 300 | _axv, 248 p.; pbk | ||
| 650 | _a Academic standards | ||
| 650 | _a Educational assessment | ||
| 650 | _a Quality assurance | ||
| 650 | _aHigher education | ||
| 700 | _a Hill, Jennifer | ||
| 700 | _a Sadler, Ian | ||
| 942 | _cTB | ||
| 999 |
_c51805 _d51805 |
||